Datapro/McGraw-Hill guide to CP/M software

Bibliographic Details
Corporate Authors: Datapro Research Corporation, McGraw-Hill, inc
Format: Book
Language:English
Published: New Jersey : Datapro Research Corporation , c1985
Edition:Second Edition
Subjects:

MARC

LEADER 00000cam a2200000 7i4500
001 0000004488
005 20230526.0
008 991218 nju eng
020 |a 0070154082 (pbk) 
040 |a INS 
090 0 0 |a QA76.6   |b .D36 1985 
245 0 0 |a Datapro/McGraw-Hill guide to CP/M software 
250 |a Second Edition 
260 |a New Jersey :   |b Datapro Research Corporation ,   |c c1985 
300 |a xii, 386 p. :   |b ill. ;   |c 28 cm. 
500 |a Includes index 
650 0 |a Computer programs   |x Purchasing 
650 0 |a CP/M computer operating system 
710 2 |a Datapro Research Corporation 
710 2 |a McGraw-Hill, inc. 
740 0 |a Guide to CP/M software 
999 |a 0000003058   |b BOOK   |c Open Shelf   |e Default branch